000 00344cam a2200145ua 4500
041 _aeng
_h
082 _a828.09
_bMUL/SH
100 _aMullik B R, .
245 _aShakespearies Cymbeline /
_cMullik.
_hTextual Documents
260 _aDelhi :
_bS chand & co ,
_c1962.
300 _a37 ; .
504 _a
942 _cBK
999 _c2764
_d2764